Daily U.S. State Riddle #40 - Statistics

General Stats
  • This quiz has been taken 74 times
  • The average score is 31 of 33
Answer Stats
Type Answer % Correct
Found Letter A
100%
Alphabet Letter D
100%
Alphabet Letter E
100%
Alphabet Letter I
100%
Alphabet Letter N
100%
Alphabet Letter O
100%
Alphabet Letter R
100%
Found Letter S
100%
Alphabet Letter G
98%
Alphabet Letter H
98%
Alphabet Letter W
98%
Found Letter K
97%
Found Letter L
97%
Alphabet Letter M
97%
Correctly Placed Letter S
97%
Alphabet Letter V
97%
Alphabet Letter C
94%
Alphabet Letter T
94%
Correctly Placed Letter A
92%
Alphabet Letter B
92%
Alphabet Letter F
92%
Alphabet Letter U
92%
Alphabet Letter Y
92%
Alphabet Letter P
91%
Alphabet Letter X
91%
Alphabet Letter Z
91%
Alphabet Letter J
89%
Correctly Placed Letter A
88%
Correctly Placed Letter A
88%
Mystery U.S. State Alaska
88%
Correctly Placed Letter K
88%
Correctly Placed Letter L
88%
Alphabet Letter Q
88%
No matching quizzes found
Score Distribution
Percent of People with Each Score
Percentile by Number Answered
Your Score History
You have not taken this quiz